| 000 | 005720000a22001810004500 | ||
|---|---|---|---|
| 003 | MACL | ||
| 005 | 20160313145342.0 | ||
| 008 | 160313b xxu||||| |||| 00| 0 eng d | ||
| 040 |
_aMACL _cMACL |
||
| 041 | _aHindi | ||
| 082 | _a891.433 | ||
| 100 |
_aसिद्धांतालंकार श्रीनिधि _945860 |
||
| 245 | _aशिवालक की घाटियॉ में | ||
| 260 |
_bआत्माराम एंड संस _c1953 _aनई दिल्ली |
||
| 350 | _a5 | ||
| 650 |
_aTravel _945861 |
||
| 942 |
_cHIN _k910 _2ddc |
||
| 999 |
_c24341 _d24341 |
||